| 000 | 00566nam a2200193Ia 4500 | ||
|---|---|---|---|
| 005 | 20250507130224.0 | ||
| 008 | 008 250505s9999 xx 000 0 eng d | ||
| 037 | _aSeries Article | ||
| 040 |
_aEASL _beng _cEASL |
||
| 041 |
_aeng _2eng |
||
| 084 | _qEASL | ||
| 100 | _aIqtidar Humeira | ||
| 245 | 0 | _aSecurism beyond the state:the 'state 'and the 'Market'in islamist imagination | |
| 260 |
_aUK _bCambridge Cambridge University Press UK _c2011 |
||
| 300 | _a535-564 | ||
| 650 | _aImage Processing | ||
| 942 | _cSRA | ||
| 999 |
_c1318401 _d1318401 |
||